Copper, chlorine and aluminum as source of electricity (Record no. 468)

MARC details
000 -LEADER
fixed length control field 02124nam a22002417a 4500
003 - CONTROL NUMBER IDENTIFIER
control field URS
005 - DATE AND TIME OF LATEST TRANSACTION
control field 20220117113538.0
008 - FIXED-LENGTH DATA ELEMENTS--GENERAL INFORMATION
fixed length control field 170701b xxu||||| |||| 00| 0 eng d
040 ## -
-- URS
041 ## - LANGUAGE CODE
Language code of text/sound track or separate title eng
050 00 - LIBRARY OF CONGRESS CALL NUMBER
Classification number QC 516
Item number .C785 2015
245 ## - TITLE STATEMENT
Title <a href="Copper, chlorine and aluminum as source of electricity">Copper, chlorine and aluminum as source of electricity</a>
Statement of responsibility, etc Paul Jay D. Amaro... [et.al].
260 ## - PUBLICATION, DISTRIBUTION, ETC. (IMPRINT)
Date of publication, distribution, etc 2015
300 ## - PHYSICAL DESCRIPTION
Extent 64 leaves :
Other physical details illustrations ;
Dimensions 28 cm.
502 ## - DISSERTATION NOTE
Degree type Thesis (Bachelor of Technology major in Electrical Technology) -- University of Rizal System-Morong.
520 ## - SUMMARY, ETC.
Summary, etc EXECUTIVE SUMMARY: The general objective of this study is to determine the acceptability of Copper, Chlorine and Aluminum as Source of Electricity. It was conducted at University of Rizal System Morong Campus During S.Y. 2015-2016. The study made use of a developmental method and descriptive methods of research respectively. These methods were used to develop the copper, chlorine and aluminum as source of electricity and determined the level of acceptability in terms of design effectiveness, usability and maintenance. As to the acceptability of copper, chlorine and aluminum as source of electricity as perceived by the end-users and experts, it was found out that the device was extremely accepted by both group of respondents in terms of design, effectiveness, usability and maintenance. The finding revealed that the project derived as accurate results. Moreover, based from the findings it was concluded that there is no significant difference between the evaluation made by two groups of respondents in terms of design, effectiveness, usability and maintenance. It was recommended that only light appliances such as LED and charger may be used as load for the developed device. Further study on effectiveness of the different chemicals used in order to determine the electric current produce must be conducted.
650 ## - SUBJECT ADDED ENTRY--TOPICAL TERM
Topical term or geographic name as entry element Electricity -- Experiments and study.
700 1# - ADDED ENTRY--PERSONAL NAME
Personal name Caasi, Paul Emmanuel L.
Relator term author
700 1# - ADDED ENTRY--PERSONAL NAME
Personal name Marbella, Christian Ronnel A.
Relator term author
700 1# - ADDED ENTRY--PERSONAL NAME
Personal name Nepomuceno, Jude J.
Relator term author
700 1# - ADDED ENTRY--PERSONAL NAME
Personal name Unson, Carlo M.
Relator term author
942 ## - ADDED ENTRY ELEMENTS (KOHA)
Source of classification or shelving scheme Library of Congress Classification
Koha item type Theses and dissertations
Holdings
Withdrawn status Source of classification or shelving scheme Damaged status Not for loan Collection code Home library Current library Date acquired Total Checkouts Full call number Barcode Date last seen Copy number Price effective from Koha item type
  Library of Congress Classification     Reference Morong College Library Morong College Library 07/01/2017   QC 516 .C785 2015 URSMOR-CL-004211 07/01/2017 1 02/27/2019 Theses and dissertations

University of Rizal System
Email us at univlibservices@urs.edu.ph

Visit our Website www.urs.edu.ph/library